000 05086nam a22003137i 4500
001 TCPA 67
003 gtcocun
005 20250908222158.0
006 a||||gr|||| 00| 0
008 250908b2018 g ||||| m||| 00| 0 eng d
040 _agtcocun
_bSPA
_cgtcocun
_eRDA
041 _aSPA
084 _0TCPA 67
100 _aBol Chún, Hugo Leonardo
_eAutor
245 _aInforme final del Ejercicio Profesional Supervisado, realizado en Desarrollo Corporativo del Norte, Sociedad Anónima, ubicada en Cobán, Alta Verapaz/
_cHugo Leonardo Bol Chún
_hImpreso
264 _aCobán, Alta Verapaz:
_bUniversidad de San Carlos de Guatemala, Centro Universitario del Norte, Licenciatura en Contaduría Pública y Auditoría.
_c2018
300 _a67 p.:
_bIlustraciones, gráficas.
_c28 cm; PDF
336 _2rdacontenido
_aTexto
_btxt
337 _2rdamedio
_aComputadora
_bn
338 _2rdasoporte
_aCódigo en línea
_bcr
502 _e.
502 _aTesis de grado
_bLicenciatura en Contaduría Pública y Auditoría.
_cUniversidad de San Carlos de Guatemala, Centro Universitario del Norte, Licenciatura en Contaduría Pública y Auditoría.
_d2018
_oTCPA 67
520 1 4 _aEl Ejercicio Profesional Supervisado (EPS) forma parte del cierre de pensum de la carrera de Contaduría Pública y Auditoría que ofrece la Universidad de San Carlos de Guatemala a través del Centro Universitario del Norte, la realización de dicho ejercicio es requisito previo a optar al título de Contador Público y Auditor, el cual consiste en la aplicación de los conocimientos teóricos y prácticos en una entidad pública o privada. La unidad de práctica donde se llevó a cabo el Ejercicio Profesional Supervisado, se denomina Desarrollo Corporativo del Norte, Sociedad Anónima, empresa dedicada a la construcción de obras para ingeniería civil y arrendamiento de maquinaria pesada, su dirección fiscal se encuentra ubicada en la segunda calle dieciséis guion noventa y seis de la zona cuatro, salida a San Pedro Carchá, Cobán, Alta Verapaz, y la dirección comercial en la aldea Sebol, ruta hacia Fray Bartolomé de las Casas, Alta Verapaz. El Ejercicio Profesional Supervisado (EPS) fue desarrollado en tres fases, dando inicio con la fase del diagnóstico, que consistió en el conocimiento de la unidad de práctica, de las actividades que realiza, logrando detectar las deficiencias que ésta posee. De lo anterior, se procedió a realizar la fase de planificación adecuando claramente cada una de las intervenciones que se realizaron de acuerdo al diagnóstico obtenido, que a su vez fueron solucionadas durante la fase de ejecución, a través de los procedimientos establecidos, luego se procedió a la evaluación y análisis de los resultados que se obtuvieron de las actividades ejecutadas. Fueron desarrolladas tres actividades de solución siendo estas las siguientes: auditoría especial de propiedad, planta y equipo de los períodos del 2013 al 2016, auditoría preventiva tributaria para los períodos fiscales del 2013 al 2015 y reestructuración, actualización de los registros contables de los períodos del 2013 al 2016. La auditoría especial de propiedad, planta y equipo se realizó debido a que los activos no reflejan la situación y el valor real de las integraciones que se elaboran, determinando inconsistencias en las cuentas que integran dicho rubro. Con base a los resultados obtenidos de las pruebas de auditoria, se realizaron ajustes y reclasificaciones con el fin de revelar con toda certeza los saldos y sobre todo evidenciar las acciones plasmadas en los registros contables. La auditoría preventiva tributaria, surgió debido a que se diagnosticó que no existía razonabilidad en la determinación de la base y renta imponible sobre la cual se calculan los impuestos a los cuales se encuentra afiliada la empresa, asimismo el incumplimiento en la presentación y pago oportuno. Se procedió a realizar la propuesta de las rectificaciones de los formularios en base a los saldos de auditoría, con el fin de evitar reparos-ajustes por parte de la administración tributaria, obligando a realizar el pago del impuesto. En relación a la reestructuración y actualización de los registros contables, se observó que la información contable-financiera presentaba deficiencia en la estructuración de las cuentas que se manejan, los registros en los libros correspondiente al período 2016 se encontraban sin operar; por ello, en base a los saldos obtenidos de las auditorías practicadas, fueron reestructurados los períodos del 2013 al 2015 de manera adecuada, por último se actualizó el período 2016 en base a los movimientos realizados.
650 1 4 _2LEMB
_aCobán, Alta Verapaz
_xpropiedad
_xtributario
_xregistros contables
700 _aLic. Carlos Abraham Sierra Alvarado
_eAsesor
856 _uhttps://drive.google.com/file/d/1T91GcyZo7ah-PFyLGqj_3NQ-uRzsA7II/view?usp=sharing
_yPDF
_zUn ejemplar en línea.
942 _2ddc
_cTES
_iTCPA_67
_kClasificación
_n0
_6TCPA__67
999 _c1763
_d1763